| 000 | 00699nam a2200217Ia 4500 | ||
|---|---|---|---|
| 003 | GCL | ||
| 008 | 140319s9999 xx 000 0 aFre d | ||
| 020 | _a2724702123 | ||
| 040 |
_aGCL / _cGCL |
||
| 082 | 0 | 4 |
_aCC _b726 _bD K |
| 100 | 1 | _aDENOIX, SYLVIE | |
| 245 | 1 | 0 |
_aLE KHAN AL - KHALILI ET SES ENVIRONS : _bUN CENTRE COMMERICAL ET ARTISANAL AU CAIRE DU XIII AU XX SIECLE / _cDENOIX, SYLVIE |
| 700 | 1 | _aTUCHSCHERE, MICHEL | |
| 700 | 1 | _aDEPAULE, JEAN - CHARLES | |
| 260 |
_aالقاهرة : _bINSTITUT FRANCAIS D'ARCHEOLOGIE ORIENTAL ، _c1999 |
||
| 300 |
_a32 CM ؛ _c4 VOLS. |
||
| 650 | 0 | 4 | _aART - EGYPT |
| 650 | 0 | 4 | _aISLAM - ARCHITECTURE DESIGN |
| 650 | 0 | 4 | _aISLAM - ARTS |
| 942 |
_2ddc _cBK |
||
| 999 |
_c7825 _d7825 |
||